Matematické modelovanie jazdnej dynamiky vozidla

Guardado en:
Detalles Bibliográficos
Autor principal: Račkay, Juraj (Autor)
Otros Autores: Mikle, Dávid (Orientador)
Formato: Manuscrito Libro
Lenguaje:eslovaco
Publicado: Bratislava : STU v Bratislave FEI, 2020
Materias:
Acceso en línea:https://opac.crzp.sk/?fn=*AdvancedSearch&search=advanced&entity=0&seo=CRZP-H%C4%BEadanie
Etiquetas: Agregar Etiqueta
Sin Etiquetas, Sea el primero en etiquetar este registro!

MARC

LEADER 00000ntm a22000003a 4500
001 stuzp78722
003 SK-STU
005 20200716101649.9
007 ta
008 150427s2015----xo-----f-mn---000-0-slo-d
040 |a STU  |b slo 
041 0 |a slo 
044 |a xo 
100 1 |a Račkay, Juraj  |u 030400  |4 aut  |U FEI Fakulta elektrotechniky a informatiky  |T FEI Ústav automobilovej mechatroniky  |X 79939  |U E400  |Y 642  |7 79939 
242 0 1 |a Vehicle dynamics modeling  |y eng 
245 1 0 |a Matematické modelovanie jazdnej dynamiky vozidla 
260 |a Bratislava : 
260 |b STU v Bratislave FEI, 
260 |c 2020 
300 |a 54 s. 
650 4 |a matematické modelovanie  |2 slo 
650 4 |a dvojstopový matematický model  |2 slo 
650 4 |a Matlab  |2 slo 
650 4 |a Simulink  |2 slo 
650 4 |a jednostopový matematický model  |2 slo 
650 4 |a jazdná dynamika  |2 slo 
650 4 |a single track mathematical model  |2 eng 
650 4 |a twin track mathematical model  |2 eng 
650 4 |a Matlab  |2 eng 
650 4 |a mathematical modeling  |2 eng 
650 4 |a vehicle dynamics  |2 eng 
650 4 |a Simulink  |2 eng 
700 1 |a Mikle, Dávid  |u 030400  |k Z3  |4 ths  |U FEI Fakulta elektrotechniky a informatiky  |T FEI Ústav automobilovej mechatroniky  |X 72887  |U E400  |Y 642  |7 72887 
856 4 |u https://opac.crzp.sk/?fn=*AdvancedSearch&search=advanced&entity=0&seo=CRZP-H%C4%BEadanie